|
|
|
|
| LEADER |
00000nta a2200000 i 4500 |
| 001 |
dolg766 |
| 005 |
20150418121312.0 |
| 008 |
141210suuuu hu o 000 hun d |
| 040 |
|
|
|a BGE Dolgozattár Repozitórium
|b hun
|
| 041 |
|
|
|a hu
|
| 100 |
1 |
|
|a Császár Bettina Nóra
|
| 245 |
1 |
3 |
|a Az integrált vállalatirányítási rendszerek és értékesítési csatornák hatékony alkalmazása, ellenőrzése a Vodafone Magyarország Zrt. tekintetében.
|c Császár Bettina Nóra
|h [elektronikus dokumentum]
|
| 246 |
1 |
1 |
|a Az integrált vállalatirányítási rendszerek és értékesítési csatornák hatékony alkalmazása, ellenőrzése a Vodafone Magyarország Zrt. tekintetében.
|
| 516 |
|
|
|a Final_paper
|
| 695 |
|
|
|a vállalatirányítási rendszerek
|
| 695 |
|
|
|a értékesítés
|
| 700 |
1 |
|
|a Katz docens György
|e ths
|
| 856 |
4 |
0 |
|u http://dolgozattar.uni-bge.hu/766/2/Titkos%C3%ADt%C3%A1si%20k%C3%A9relem.jpg
|z Dokumentum-elérés
|
| 856 |
4 |
0 |
|u http://dolgozattar.uni-bge.hu/766/3/Konzulensi%20Igazol%C3%A1s.jpg
|z Dokumentum-elérés
|
| 856 |
4 |
0 |
|u http://dolgozattar.uni-bge.hu/766/4/hallgat%C3%B3i%20nyilatkozat.jpg
|z Dokumentum-elérés
|
| 856 |
4 |
0 |
|u http://dolgozattar.uni-bge.hu/766/22/KSZM%20levelez%C5%91%20Cs%C3%A1sz%C3%A1r%20Bettina%20Az%20ERP%20rendszerek%20z%C3%A1r%C3%B3dolgozat.pdf
|z Dokumentum-elérés
|